Normal view MARC view
  • Anderson, James and Tatro, Earl E

Entry Personal Name

Number of records used in: 1

001 - CONTROL NUMBER

  • control field: 2848

003 - CONTROL NUMBER IDENTIFIER

  • control field: OSt

005 - DATE AND TIME OF LATEST TRANSACTION

  • control field: 20160627094724.0

008 - FIXED-LENGTH DATA ELEMENTS

  • fixed length control field: 160627|| aca||aabn | a|a d

040 ## - CATALOGING SOURCE

  • Original cataloging agency: OSt
  • Transcribing agency: OSt

100 ## - HEADING--PERSONAL NAME

  • Personal name: Anderson, James and Tatro, Earl E

670 ## - SOURCE DATA FOUND

  • Source citation: Work cat.: (OSt): Anderson, James and Tatro, Earl E, Shop Theory, 2002